000 00790nam a2200253Ia 4500
003 OSt
005 20260114124231.0
008 220923b |||||||| |||| 00| 0 eng d
020 _a0226393011
037 _cGeneral Book
040 _aRTL
_cRTL
_beng
041 _2eng
_aeng
084 _aY:4:5(E), N1
_qRTL
100 _aJanowitz Morris
_950219
245 0 _aOn social organization and social control
260 _aChicago
_bUniversity of Chicago Press
_c1991
300 _avii,324 p.
_bIncludes bibliographical references and index.
490 _aHeritage of Sociology
500 _aBibliography chapterwise
650 _aSociology
_9864447
700 _aJanowitz Morris
_9255116
_e Editor
942 _hY:4:5(E), N1
_cGB
_2CC
_n0
999 _c500743
_d500743